| 000 | 01123cab a2200241 4500 | ||
|---|---|---|---|
| 001 | X2630 | ||
| 008 | 090401t1995 xxu||||| |||| 00| 0 eng d | ||
| 035 | _a(Sirsi) u25439 | ||
| 041 | _aeng | ||
| 245 | _aRedbank Schools Ltd v Abdullahzadeh and ors | ||
| 260 | _c1995 | ||
| 350 | _a0 | ||
| 490 |
_aNew Property Cases _v[1995] NPC 174, (2) |
||
| 520 | _aCA 8 November 1995. A local authority acting under Children and Young Persons Act 1969 in respect of a controlled community home, the land of which is not vested in them do not have authority under the statute to grant leases to employees, nor on the facts of this case are they deemed to have acted as agents for the freeholders. TAKEN FROM CASE HEADING. NOTE:- NO PHOTOCOPYING ALLOWED. | ||
| 650 | _aCHILDREN AND YOUNG PERSONS ACT 1969 | ||
| 650 | _aCHILDRENS HOME | ||
| 650 | _aCOMMUNITY HOMES | ||
| 650 | _aREDBANK SCHOOLS LTD V ABDULLAHZADEH AND ORS | ||
| 650 | _aPROPERTY-RESIDENTIAL PROPERTY-RESIDENTIAL LANDLORD AND TENANT-RESIDENTIAL TENANCIES | ||
| 690 | _aLANDLORD AND TENANT-CASE LAW-RESIDENTIAL TENANCIES | ||
| 942 | _n0 | ||
| 948 | _c04/03/1997 | ||
| 999 |
_c17084 _d17084 |
||